[Event "ESP-ch U14"]
[Site "Salobrena"]
[Date "2012.07.11"]
[Round "4"]
[White "Ribera Cebolla, Marc"]
[Black "Mari Copa, Adria"]
[Result "1-0"]
[WhiteElo "1883"]
[BlackElo "1658"]
[PlyCount "121"]
[EventDate "2012.07.09"]
[EventType "swiss"]
[EventRounds "9"]
[EventCountry "ESP"]
[SourceTitle "EXT 2014"]
[Source "ChessBase"]
[SourceDate "2013.11.20"]
[SourceVersion "1"]
[SourceVersionDate "2013.11.20"]
[SourceQuality "1"]

1. e4 c5 2. Nf3 Nc6 3. d4 cxd4 4. Nxd4 Nf6 5. Nc3 g6 6. Be3 Bg7 7. f3 0-0 8. Qd2 d5 9. exd5 Nxd5 10. Nxc6 bxc6 11. Bd4 Bxd4 12. Qxd4 Qa5 13. Qa4 Qxa4 14. Nxa4 Rd8 15. 0-0-0 Bf5 16. Re1 Kf8 17. g4 Bc8 18. Nc5 Nb6 19. h4 Rd5 20. Ne4 h6 21. c4 Rd4 22. b3 a5 23. Kc2 a4 24. Kc3 Rd8 25. b4 Ra7 26. Nc5 Nd7 27. Rd1 Ke8 28. Nxd7 Raxd7 29. Rxd7 Rxd7 30. Bd3 Rd6 31. c5 Rd8 32. Rh2 Bd7 33. a3 Rb8 34. h5 g5 35. Rf2 e5 36. Be4 Ke7 37. Rd2 Rc8 38. Rd6 f6 39. Bd3 Ra8 40. Be4 Rc8 41. Kc4 Rc7 42. b5 cxb5+ 43. Kd5 b4 44. axb4 a3 45. Bb1 Be8 46. Ra6 Rd7+ 47. Kc4 Rd4+ 48. Kc3 Rf4 49. Be4 f5 50. Ra7+ Kd8 51. Bxf5 Rxf3+ 52. Kc4 Bxh5 53. Ra8+ Ke7 54. c6 Kd6 55. Kb5 Bf7 56. Rd8+ Kc7 57. Rd7+ Kb8 58. c7+ Kb7 59. Rxf7 Rxf5 60. Rxf5 a2 61. Rf1 1-0

[Event "ESP-ch U14"]
[Site "Salobrena"]
[Date "2012.07.09"]
[Round "2"]
[White "Ribera Cebolla, Marc"]
[Black "Zhynguel Ramirez de Verger, Aleksei"]
[Result "1/2-1/2"]
[WhiteElo "1883"]
[BlackElo "1650"]
[PlyCount "78"]
[EventDate "2012.07.09"]
[EventType "swiss"]
[EventRounds "9"]
[EventCountry "ESP"]
[SourceTitle "EXT 2014"]
[Source "ChessBase"]
[SourceDate "2013.11.20"]
[SourceVersion "1"]
[SourceVersionDate "2013.11.20"]
[SourceQuality "1"]

1. e4 c5 2. Nf3 d6 3. d4 Nf6 4. Nc3 cxd4 5. Nxd4 Nc6 6. Be3 g6 7. f3 Bg7 8. Qd2 a6 9. 0-0-0 Nxd4 10. Bxd4 0-0 11. Kb1 b5 12. g4 Bb7 13. h4 Rc8 14. h5 Qc7 15. hxg6 fxg6 16. Bd3 Rf7 17. Rhg1 Nd7 18. Bxg7 Rxg7 19. f4 Nb6 20. Ne2 Nc4 21. Qc1 Qc5 22. Rg3 Qb4 23. f5 g5 24. Rh3 Ne5 25. a3 Nxd3 26. Rdxd3 Qxe4 27. Qd1 Qxg4 28. f6 exf6 29. Rhg3 Qe4 30. Rxd6 Re8 31. Rd8 Rxd8 32. Qxd8+ Kf7 33. Rd3 Qxe2 34. Rd7+ Kg6 35. Rxg7+ Kxg7 36. Qc7+ Kg6 37. Qxb7 Qe1+ 38. Ka2 Qe6+ 39. b3 h5 1/2-1/2